Quizzes
Events
Quiz Creation
Community
Videos
Private Events
Remove Ads
Sign In
Join for FREE
Feedback
Dark Mode
Quiz Categories
Sports
Geography
Music
Movies
Television
Just For Fun
Miscellaneous
History
Literature
Language
Science
Gaming
Entertainment
Religion
Holiday
For Kids
Quiz Lab
Recent
Popular Today
Quiz Kudos Today
Editor Picks
Curator Picks
Quizzes by...
Day
Popularity
Type
Ratings
Length
Year
Community
Subscriptions
Recent Discussions
Orange Saloon
Badges
Playlists
Quests
Create
Leaderboards
Showdown
Live 5
Trivia Bingo
Activity
Puzzle Library
Sporcle Events
Private Events
Virtual Trivia
Globe League
Become a Host
Pub Owners
SporcleCon
Opinionation
Our Games
Videos
Blog
Mobile Apps
Partnerships
Remove Ads and Go Orange
Feedback
Music
Pop Music
The Beatles
Song
Album
Lyrics
Bands
Singers
Artist
Clip
Rock
Rap
Classical
Billboard
Country Music
Kpop
Taylor Swift
Music
Pop Music
The Beatles
Song
Album
Lyrics
Bands
Singers
Artist
Clip
Rock
Rap
Classical
Billboard
Country Music
Kpop
Taylor Swift
Random Quiz
Search Sporcle
×
Quiz Lab
Quiz Lab
Music
Song
Type in answers that appear in a list
Type in answers that appear in a list
Classic
Best Score? Go Orange.
Billboard 1971 #1 Hits Stats
Can you name the Billboard 1971 #1 Hits?
By
philly97
10m
19 Questions
137 Plays
137 Plays
137 Plays
Comments
Comments
Give Quiz Kudos
Give Quiz Kudos
-
- Ratings
hide this ad
Replay
Link that replays current quiz
Next Quiz
Link to next quiz in quiz playlist
You Got
0%
They Got
Avg Score
67%
Avg Friend Score
Upgrade to see
Score Distribution
Jump to the score distribution portion of the page
Score
0/19
Timer
10:00
0
Plays Today
Time
Song
% Correct
March 20-
27
Me and Bobby McGee
87.6%
April 17-
May 22
Joy to the World
86.1%
January 2-
16
My Sweet Lord
84.7%
January 23-
February 6
Knock Three Times
84.7%
November 20-
27
Theme from Shaft
84.7%
October 2-
30
Maggie May
83.9%
June 19-
July 17
It's Too Late, I Feel the Earth Move
78.1%
July 31
You've Got a Friend
77.4%
February 13-
March 13
One Bad Apple
74.5%
May 29-
June 5
Brown Sugar
69.3%
Time
Song
% Correct
December 25
Brand New Key
61.3%
November 6-
13
Gypsies, Tramps and Thieves
60.6%
September 4
Uncle Albert
56.2%
July 24
Indian Reservation
49.6%
December 4-
18
Family Affair
49.6%
June 12
Want Ads
48.2%
April 3-
10
Just My Imagination(Running Away with Me)
46.7%
August 7-
28
How Can You Mend a Broken Heart
46.7%
September 11-
25
Go Away Little Girl
46%
Quiz Playlist
Details
Report
Send in Message
Add To Playlist
Classic:
Type in answers that appear in a list
Last Updated: Feb 16, 2017
Quiz Scoreboard
CHALLENGE
Sign Up to Join the Scoreboard
Show All
Scores
Hide
Comments
May contain spoilers
Recently Published
Decade Duel: World Leaders
by jenniferyan
History
4m
Alphabetical 'K' Countries by Flag Minefield
by ylime102
Geography
3m
Pick 6: Fruits
by JohnFran
Miscellaneous
15s
More to Explore
Quiz From the Vault
Featured Blog Post
15 Basketball Trivia Facts You Can Be March Mad About
hide this ad
You Might Also Like...
Tags
Bands Quiz
Billboard Quiz
Song Quiz
#1 Songs
1971
hit
Music Charts
Today's Top Quizzes in Music
Browse Music
hide this ad
Today's Top Quizzes in Song
Browse Song
Top Contributed Quizzes in Music
1
Taylor Swift All Songs (2024)
2
KPOP LOGIC QUIZ
3
Taylor Swift Logic Puzzle
4
Decade Duel: Singer
5
Guess the Taylor Swift song (Mystery Song)
6
A Taylor Swift Logic Puzzle
7
Guess The Taylor Swift Lyrics Song #1
8
kpop group name match up
9
2 word kpop group match
10
K-Pop : 100 Debut Songs (Part 1 of 3)
Explore More
Trending Topics
Kpop
Disney
NBA
Marvel
Anime
Crossword
Harry Potter
The Office
Country
NFL
Pokémon
WWE
Soccer
Song
Puzzle
hide this ad
More By:
philly97
Quiz
Plays
Rating
Category
Featured
Created
Billboard 1971 #1 Hits
137
3.50
Music
Jun 9, 2011
Billboard 1972 #1 Hits
135
4.75
Music
Jun 9, 2011
Billboard 1976 #1 Hits
134
4.00
Music
Jun 10, 2011
Billboard 1978 #1 Hits
124
4.00
Music
Sep 24, 2011
Billboard 1970 #1 Hits
102
5.00
Music
Jun 6, 2011
Go to Creator's Profile
Score Distribution
Quiz Creator Spotlight
philly97
Follow
Send a Message
Quizzes Created
-
Created Quiz Play Count
-
More By This Creator
Popular Quizzes Today
1
Countries of Asia Without Outlines Minefield
2
Find the US States - No Outlines Minefield
3
Pick 6: Fruits
4
The Countries of the World
5
Alphabetical 'K' Countries by Flag Minefield
6
Find the Countries of Europe - No Outlines Minefield
7
US States
8
Find the US States
More Music Quizzes
Artists on Billboard Year-End Hot 25 singles of 2019
Quiz Lab
Trending Quizzes
Pick 6: Mountains
Pick 6: Harry Potter
Pick 6: Flags
Pick 6: NFL Teams
Pick 6: Movie Franchises
Recently Updated
Adaptations: Name the Title
pecheneg
NWSL Teams
pecheneg
Women's Final Four Teams by Year
bhenderson79
Presidents Quartet II
eogle
Anything But Clue(do)
eogle
Anything But Oceanian Capitals
eogle
Anything But 7
eogle
Anything But Thing
eogle
Word Ladder: February 29
pecheneg
Song Title Questions
pecheneg
Trending Topics
Kpop
NBA
Disney
Harry Potter
Marvel
Crossword
Anime
Puzzle
The Office
Pokémon
Soccer
WWE
Country
Song
NFL
Your Account Isn't Verified!
In order to create a playlist on Sporcle, you need to verify the email address you used during registration. Go to your
Sporcle Settings
to finish the process.
Report this User
Report this user for behavior that violates our
Community Guidelines
.
Details:
Send Report
Go to the Sporcle.com Mobile Site →
Comments